Normal view
MARC view
Entry Personal Name
001 - CONTROL NUMBER
- control field: 72792
003 - CONTROL NUMBER IDENTIFIER
- control field: dpl
005 - DATE AND TIME OF LATEST TRANSACTION
- control field: 20241014153357.0
008 - FIXED-LENGTH DATA ELEMENTS
- fixed length control field: 241014|| aca||aabn | a|a d
040 ## - CATALOGING SOURCE
- Original cataloging agency: dpl
- Transcribing agency: dpl
100 ## - HEADING--PERSONAL NAME
- Personal name: यादव , बलराम
670 ## - SOURCE DATA FOUND
- Source citation: Work cat.: (dpl)206383: यादव , बलराम, भारत का प्रादेशिक भुगोल :एक परिचय/, 2021
